00000000nam 2200000zi 4500
0019.944226
003CaOODSP
00520241220134058
006m     o  d f      
007cr bn|||||||||
008241017t20242024onc     ob   f000 0 eng d
020 |a9780660740621
040 |aCaOODSP|beng|erda|cCaOODSP
043 |an-cn---
0861 |aBT53-32/2024E-PDF
24500|aPolicy on regulatory development.
264 1|aOttawa, Ontario : |bTreasury Board of Canada Secretariat = Secrétariat du Conseil du Trésor du Canada, |c2024.
264 4|c©2024
300 |a1 online resource (28 pages)
336 |atext|btxt|2rdacontent
337 |acomputer|bc|2rdamedia
338 |aonline resource|bcr|2rdacarrier
500 |aCover title.
500 |aIssued also in French under title: Politique sur l'élaboration de la réglementation.
500 |a"Published: 2024-10-07."
504 |aIncludes bibliographical references.
650 0|aDelegated legislation|xGovernment policy|zCanada.
7101 |aCanada. |bTreasury Board, |eissuing body.
77508|tPolitique sur l'élaboration de la réglementation.|w(CaOODSP)9.944227
795 |tPolicy on regulatory development |w(CaOODSP)9.861675
85640|qPDF|s831 KB|uhttps://publications.gc.ca/collections/collection_2024/sct-tbs/BT53-32-2024-eng.pdf
8564 |qHTML|sN/A|uhttps://www.canada.ca/en/government/system/laws/developing-improving-federal-regulations/requirements-developing-managing-reviewing-regulations/guidelines-tools/policy-regulatory-development.html